[Event "7th Parsvnath International Open Chess T"]
[Site "New Delhi India"]
[Date "2009.01.11"]
[Round "2"]
[White "Abhijit, Kunte"]
[Black "Ravichandran, Tejas"]
[Result "1-0"]
[WhiteElo "2527"]
[BlackElo "2189"]
[PlyCount "51"]
[EventDate "2009.01.11"]
[Source "MonRoi"]

1. d4 Nf6 2. c4 e6 3. Nc3 Bb4 4. e3 b6 5. Nge2 c5 6. a3 Ba5 7. Bd2 O-O 8. Rb1
Na6 9. Nf4 Bb7 10. Be2 cxd4 11. exd4 Bxc3 12. bxc3 Be4 13. Rb2 Nc7 14. O-O Rc8
15. f3 Bc6 16. Nd3 d6 17. Re1 Re8 18. Bf1 Nd7 19. Bf4 e5 20. Bg3 f5 21. dxe5
dxe5 22. Rd2 Qf6 23. Nb4 f4 24. Bf2 Rcd8 25. Nxc6 Qxc6 26. Rd6 1-0

[Event "7th Parsvnath International Open Chess T"]
[Site "New Delhi India"]
[Date "2009.01.11"]
[Round "2"]
[White "K V, Shantharam"]
[Black "Anuar, Ismagambetov"]
[Result "0-1"]
[WhiteElo "2191"]
[BlackElo "2523"]
[PlyCount "60"]
[EventDate "2009.01.11"]
[Source "MonRoi"]

1. Nf3 Nf6 2. c4 c5 3. Nc3 e6 4. g3 b6 5. Bg2 Bb7 6. d4 cxd4 7. Qxd4 d6 8. O-O
Be7 9. b3 O-O 10. Rd1 Nbd7 11. Bb2 a6 12. e4 Qc7 13. h3 Rac8 14. Qe3 Rfe8 15.
Rac1 Qb8 16. Nd4 Qa8 17. Re1 Nc5 18. Kh2 Bd8 19. Bh1 Bc7 20. b4 Ncd7 21. f4 Qb8
22. Nf3 Nf8 23. Qd3 Ng6 24. Nd1 Nh5 25. Nf2 Red8 26. Nd2 d5 27. e5 dxc4 28. Qe2
Bxh1 29. Nxc4 Nhxf4 30. gxf4 Ba8 0-1

[Event "7th Parsvnath International Open Chess T"]
[Site "New Delhi India"]
[Date "2009.01.11"]
[Round "2"]
[White "Saidali, Iuldachev"]
[Black "Jitendra Kumar, Choudhary"]
[Result "1-0"]
[WhiteElo "2520"]
[BlackElo "2187"]
[PlyCount "53"]
[EventDate "2009.01.11"]
[Source "MonRoi"]

1. e4 b6 2. d4 Bb7 3. Bd3 e6 4. Nf3 c5 5. c3 cxd4 6. cxd4 Bb4+ 7. Nc3 Nf6 8. e5
Ne4 9. O-O Nxc3 10. bxc3 Bxc3 11. Bg5 f6 12. exf6 gxf6 13. Ne5 Ke7 14. Qc1 Qg8
15. Qa3+ Ke8 16. Ng6 hxg6 17. Bxf6 Rh7 18. Qxc3 Kf7 19. Bg5 Rh5 20. h4 Qc8 21.
Qd2 Qc7 22. Rac1 Qd6 23. d5 Qxd5 24. Qf4+ Kg8 25. Be4 Na6 26. Bxd5 Bxd5 27. Qf6
1-0

[Event "7th Parsvnath International Open Chess T"]
[Site "New Delhi India"]
[Date "2009.01.11"]
[Round "2"]
[White "Javed, Mohamma"]
[Black "Shukhrat, Safin"]
[Result "0-1"]
[WhiteElo "2188"]
[BlackElo "2518"]
[PlyCount "95"]
[EventDate "2009.01.11"]
[Source "MonRoi"]

1. e4 e5 2. Bc4 Nf6 3. d3 c6 4. Nf3 Be7 5. Nc3 d6 6. h3 O-O 7. O-O Nbd7 8. Qe2
b5 9. Bb3 a5 10. a4 b4 11. Nb1 Nc5 12. Bc4 Qc7 13. Bg5 h6 14. Bxf6 Bxf6 15.
Nbd2 Ne6 16. Bxe6 Bxe6 17. Nc4 Rfe8 18. Rfd1 g6 19. Ne3 d5 20. c4 bxc3 21. bxc3
Bg7 22. c4 dxe4 23. dxe4 Reb8 24. c5 Rb4 25. Nd2 Bf8 26. Rdc1 Rd8 27. Rc2 Rbd4
28. Ng4 h5 29. Nf6+ Kg7 30. Nxh5+ gxh5 31. Qxh5 Rd3 32. Nf3 f6 33. Nh4 Qf7 34.
Qe2 Kh7 35. Rb1 Bh6 36. Nf5 Bxf5 37. exf5 Qd7 38. Qh5 Rg8 39. Rcb2 Rg5 40. Qe2
Qd5 41. Rb7+ Bg7 42. g3 Qd4 43. Kg2 Rxf5 44. R1b2 Qd5+ 45. Kh2 Rd1 46. Rxg7+
Kxg7 47. Qg4+ Rg5 48. Rb7+ 0-1

[Event "7th Parsvnath International Open Chess T"]
[Site "New Delhi India"]
[Date "2009.01.11"]
[Round "2"]
[White "Mikhail, Ulibin"]
[Black "Khosla, Shiven"]
[Result "1-0"]
[WhiteElo "2511"]
[BlackElo "2168"]
[PlyCount "47"]
[EventDate "2009.01.11"]
[Source "MonRoi"]

1. c4 c6 2. e4 d5 3. exd5 cxd5 4. d4 Nf6 5. Nc3 Nc6 6. Bg5 Be6 7. Bxf6 exf6 8.
c5 g6 9. Bb5 Bg7 10. Nge2 O-O 11. O-O Qc7 12. Qd2 Rfd8 13. Rfe1 Bf5 14. Rad1
Rac8 15. Ba4 Bf8 16. a3 a5 17. Qf4 Be6 18. Qxf6 Bg7 19. Qh4 Ne7 20. Nb5 Qd7 21.
Nd6 Qxa4 22. Nxc8 Rxc8 23. Qxe7 Re8 24. Nc3 1-0

[Event "7th Parsvnath International Open Chess T"]
[Site "New Delhi India"]
[Date "2009.01.11"]
[Round "2"]
[White "Manisha Mohanty, Kiran"]
[Black "Petr, Kostenko"]
[Result "0-1"]
[WhiteElo "2184"]
[BlackElo "2501"]
[PlyCount "82"]
[EventDate "2009.01.11"]
[Source "MonRoi"]

1. e4 c5 2. Nf3 e6 3. d4 cxd4 4. Nxd4 a6 5. Bd3 d6 6. c4 Nd7 7. O-O b6 8. Nc3
Bb7 9. Be3 Ngf6 10. Rc1 Be7 11. Qe2 Nc5 12. f3 Rc8 13. Rfd1 Qc7 14. Bb1 O-O 15.
a3 Rfe8 16. Qf2 Qb8 17. b4 Ncd7 18. Ba2 Ba8 19. Qg3 Kh8 20. Nce2 Rg8 21. h4 Ne5
22. Nf4 Rge8 23. Nh3 Bf8 24. Ng5 Rc7 25. Qh2 h6 26. Nh3 Rec8 27. Bf4 Nxc4 28.
Bxc4 Rxc4 29. Rxc4 Rxc4 30. e5 dxe5 31. Bxe5 Qc8 32. Qf4 Be7 33. Qe3 Kg8 34.
Nf4 b5 35. Nb3 Nd5 36. Nxd5 Bxd5 37. h5 Bg5 38. Qa7 Rc2 39. Nc5 Be3+ 40. Kh1
Rc4 41. Bg3 Qd8 0-1

[Event "7th Parsvnath International Open Chess T"]
[Site "New Delhi India"]
[Date "2009.01.11"]
[Round "2"]
[White "Vinay S, Bhat"]
[Black "Krishna G V, Sai"]
[Result "0-1"]
[WhiteElo "2495"]
[BlackElo "2162"]
[PlyCount "92"]
[EventDate "2009.01.11"]
[Source "MonRoi"]

1. d4 Nf6 2. c4 g6 3. Nc3 Bg7 4. e4 d6 5. Nf3 O-O 6. Be2 e5 7. O-O Nc6 8. d5
Ne7 9. Ne1 Ne8 10. Nd3 f5 11. Bd2 Nf6 12. f3 f4 13. c5 g5 14. Rc1 Ng6 15. Nb5
Rf7 16. Ba5 b6 17. cxd6 cxd6 18. Bb4 Bf8 19. Nf2 a6 20. Na3 h5 21. Nc4 a5 22.
Be1 Bd7 23. a4 Rg7 24. h3 Nh8 25. Na3 Nf7 26. Nb5 Rc8 27. Rxc8 Qxc8 28. Nd3 g4
29. Bh4 Ng5 30. hxg4 hxg4 31. Kf2 gxf3 32. gxf3 Nh3+ 33. Ke1 Nh5 34. Bf2 Qd8
35. Kd2 Rg2 36. Kc3 Ng3 37. Bxg3 fxg3 38. f4 exf4 39. Kb3 Qg5 40. Nd4 Bg7 41.
Nf3 Qg6 42. Nd2 Rxe2 43. Qxe2 g2 44. Nc4 gxf1=Q 45. Qxf1 Qxe4 46. Nxb6 Bf5 0-1

[Event "7th Parsvnath International Open Chess T"]
[Site "New Delhi India"]
[Date "2009.01.11"]
[Round "2"]
[White "Rupankar, Nath"]
[Black "Dibyendu, Barua"]
[Result "0-1"]
[WhiteElo "2176"]
[BlackElo "2490"]
[PlyCount "101"]
[EventDate "2009.01.11"]
[Source "MonRoi"]

1. d4 d5 2. Nf3 c6 3. Bf4 Qb6 4. Qc1 Bf5 5. e3 e6 6. Be2 Nf6 7. O-O h6 8. c4
Nbd7 9. Ne5 Be7 10. Nc3 Nxe5 11. Bxe5 O-O 12. a3 dxc4 13. Bxc4 a5 14. Re1 Bg6
15. Na4 Qa7 16. Ba2 Nd7 17. Bf4 b5 18. Nc3 b4 19. Na4 bxa3 20. bxa3 c5 21. d5
e5 22. Bg3 c4 23. Qxc4 Rfc8 24. Qg4 h5 25. Qf3 Rab8 26. h3 Bxa3 27. Bb1 Bxb1
28. Rexb1 Rxb1+ 29. Rxb1 g6 30. Qd1 Bb4 31. Nb2 e4 32. Qa4 Qb7 33. Qd1 Rc5 34.
d6 Qc6 35. Qf1 Rc2 36. Qd1 Rd2 37. Qa4 Qxa4 38. Nxa4 Rc2 39. Kh2 f5 40. Kg1 Kf7
41. Kf1 Ke6 42. f3 Kd5 43. Be1 Bxe1 44. Rxe1 Kxd6 45. Rd1+ Kc6 46. fxe4 fxe4
47. Rd4 Nf6 48. g4 hxg4 49. hxg4 g5 50. Ke1 Kb5 51. Kd1 0-1

[Event "7th Parsvnath International Open Chess T"]
[Site "New Delhi India"]
[Date "2009.01.11"]
[Round "2"]
[White "Das, Neelotpal"]
[Black "Shardul, Gagare"]
[Result "1-0"]
[WhiteElo "2490"]
[BlackElo "2159"]
[PlyCount "145"]
[EventDate "2009.01.11"]
[Source "MonRoi"]

1. e4 c6 2. d4 d5 3. e5 Bf5 4. Nf3 e6 5. Be2 Nd7 6. Nbd2 c5 7. c4 Ne7 8. dxc5
Nxc5 9. O-O Nc6 10. cxd5 Qxd5 11. Nc4 Qxd1 12. Rxd1 Be7 13. Bg5 Be4 14. Rac1
Nd7 15. Bxe7 Kxe7 16. Ng5 Bd5 17. f4 h6 18. Nf3 Bxc4 19. Bxc4 Rac8 20. a3 Nb6
21. Ba2 Rhd8 22. Rxd8 Rxd8 23. Kf2 Nd5 24. g3 Nb6 25. Ke3 a6 26. g4 g6 27. Ke4
Nd5 28. f5 gxf5+ 29. gxf5 exf5+ 30. Kxf5 Nc7 31. Ke4 Rg8 32. Rc2 Rg4+ 33. Kf5
Rg6 34. Rd2 Ne6 35. Bd5 Ng7+ 36. Kf4 Ne6+ 37. Ke3 Ng7 38. Be4 f5 39. Nh4 Re6
40. Bxf5 Rxe5+ 41. Be4 Re6 42. Rd5 Ne8 43. Ng6+ Kf7 44. Nf4 Re7 45. Rf5+ Kg8
46. Nd5 Re6 47. Rf4 Ne7 48. Nxe7+ Rxe7 49. Kd4 Kg7 50. Kc5 Nf6 51. Bf3 Re5+ 52.
Kd6 Rb5 53. Rb4 Ne8+ 54. Kd7 Nf6+ 55. Kc7 Ne8+ 56. Kd7 Nf6+ 57. Kc8 Rc5+ 58.
Kxb7 a5 59. Rb3 Nd7 60. Ka6 Rf5 61. Rb7 Rf7 62. Kxa5 Kf8 63. Bg4 Ne5 64. Rxf7+
Kxf7 65. Be2 Nc6+ 66. Kb6 Nd4 67. Bc4+ Kf6 68. a4 Nf3 69. a5 Ne5 70. Bb5 Nf7
71. a6 Nd6 72. Bd7 Nc4+ 73. Kc7 1-0

[Event "7th Parsvnath International Open Chess T"]
[Site "New Delhi India"]
[Date "2009.01.11"]
[Round "2"]
[White "Mokal, Amrutha"]
[Black "Magesh Chandran, Panchanathan"]
[Result "0-1"]
[WhiteElo "2175"]
[BlackElo "2490"]
[PlyCount "98"]
[EventDate "2009.01.11"]
[Source "MonRoi"]

1. e4 e5 2. Nf3 Nc6 3. d4 exd4 4. Nxd4 Nf6 5. Nxc6 bxc6 6. e5 Qe7 7. Qe2 Nd5 8.
c4 Ba6 9. b3 g6 10. g3 Bg7 11. Bb2 O-O 12. Bg2 Rae8 13. O-O Bxe5 14. Qxe5 Qxe5
15. Bxe5 Rxe5 16. cxd5 Bxf1 17. Kxf1 cxd5 18. Nc3 c6 19. Na4 Rfe8 20. Bf3 Kf8
21. Nc5 R5e7 22. Rc1 Rb8 23. Nd3 a5 24. Rc5 Ra8 25. h4 h5 26. Nf4 Ke8 27. Bxd5
cxd5 28. Nxd5 d6 29. Rc4 Rb8 30. Nxe7 Kxe7 31. Ke2 Rb5 32. Kd3 f6 33. Re4+ Kf7
34. f4 g5 35. Rd4 gxh4 36. gxh4 Ke6 37. Ke4 d5+ 38. Kf3 Rc5 39. Rd3 Rc2 40. a3
Kd6 41. Re3 d4 42. Re8 Rc3+ 43. Kf2 Rxb3 44. Rh8 Rxa3 45. Rxh5 Ra1 46. Ke2 a4
47. Ra5 a3 48. Kd2 a2 49. Kc2 d3+ 0-1

[Event "7th Parsvnath International Open Chess T"]
[Site "New Delhi India"]
[Date "2009.01.11"]
[Round "2"]
[White "R R, Laxman"]
[Black "Maxim, Ivanilov"]
[Result "1-0"]
[WhiteElo "2478"]
[BlackElo "2158"]
[PlyCount "113"]
[EventDate "2009.01.11"]
[Source "MonRoi"]

1. Nf3 Nf6 2. d4 e6 3. g3 b6 4. Bg2 Bb7 5. c4 c5 6. d5 exd5 7. Nh4 g6 8. Nc3
Bg7 9. O-O O-O 10. Nxd5 Nxd5 11. Bxd5 Bxd5 12. Qxd5 Nc6 13. Bg5 Bf6 14. Nf3
Bxg5 15. Qxg5 Nd4 16. Qxd8 Nxe2+ 17. Kg2 Raxd8 18. Rad1 Rfe8 19. Rd2 Re7 20.
Rfd1 Kf8 21. Kf1 Nd4 22. Nxd4 cxd4 23. Rxd4 Ke8 24. f4 Rc8 25. Kf2 Rc6 26. R1d2
Rce6 27. R4d3 Re4 28. Rc3 R7e6 29. Ra3 a5 30. Rc3 f5 31. c5 b5 32. Rcd3 Re7 33.
b3 R4e6 34. Rd6 Kd8 35. a3 Kc7 36. h3 Kc8 37. Rb6 Rxb6 38. cxb6 Kb7 39. Rd6 Ka6
40. g4 fxg4 41. hxg4 h5 42. g5 Re6 43. Rxd7 Kxb6 44. Kf3 a4 45. bxa4 bxa4 46.
Rd4 Kb5 47. Rb4+ Ka5 48. Re4 Rc6 49. Re5+ Kb6 50. f5 gxf5 51. Kf4 h4 52. Re3
Rc1 53. Kxf5 Rg1 54. g6 Kc5 55. Rh3 Kd6 56. Rxh4 Rf1+ 57. Rf4 1-0

[Event "7th Parsvnath International Open Chess T"]
[Site "New Delhi India"]
[Date "2009.01.11"]
[Round "2"]
[White "Vinod, Bhagwat"]
[Black "Babu M R, Lalith"]
[Result "0-1"]
[WhiteElo "2166"]
[BlackElo "2477"]
[PlyCount "40"]
[EventDate "2009.01.11"]
[Source "MonRoi"]

1. d4 Nf6 2. c4 e6 3. Nc3 Bb4 4. Qc2 O-O 5. e4 Bxc3+ 6. bxc3 d6 7. Bd3 e5 8.
Ne2 Nc6 9. a3 h6 10. O-O b6 11. f4 Ba6 12. Rf3 Na5 13. Qa2 c5 14. Bd2 Rc8 15.
Rc1 Nxe4 16. Be1 Bb7 17. fxe5 dxe5 18. Bxe4 Bxe4 19. Re3 Bb7 20. Rxe5 Ba6 0-1

[Event "7th Parsvnath International Open Chess T"]
[Site "New Delhi India"]
[Date "2009.01.11"]
[Round "2"]
[White "M R, Venkatesh"]
[Black "Dushyant, Das"]
[Result "1/2-1/2"]
[WhiteElo "2470"]
[BlackElo "2154"]
[PlyCount "67"]
[EventDate "2009.01.11"]
[Source "MonRoi"]

1. e4 c5 2. Nf3 d6 3. d4 cxd4 4. Nxd4 Nf6 5. Nc3 g6 6. Be3 Bg7 7. f3 O-O 8. Qd2
Nc6 9. Bc4 Nd7 10. O-O-O Nb6 11. Bb3 Na5 12. Qe2 Bd7 13. h4 Rc8 14. h5 Nbc4 15.
hxg6 fxg6 16. Bg5 Nxb3+ 17. cxb3 Qa5 18. bxc4 Qxg5+ 19. Kb1 Qc5 20. Nd5 Rf7 21.
Nb3 Qxc4 22. Qd2 Bb5 23. Ne3 Qe2 24. Qxe2 Bxe2 25. Rd5 Be5 26. Nc1 Ba6 27. Nd3
Bxd3+ 28. Rxd3 Rc6 29. Rhd1 Rf8 30. Rb3 b6 31. Nd5 Rf7 32. Ne3 Bf4 33. Nd5 Be5
34. Ne3 1/2-1/2

[Event "7th Parsvnath International Open Chess T"]
[Site "New Delhi India"]
[Date "2009.01.11"]
[Round "2"]
[White "M G, Gahan"]
[Black "Ponnuswamy, Konguvel"]
[Result "1/2-1/2"]
[WhiteElo "2161"]
[BlackElo "2462"]
[PlyCount "41"]
[EventDate "2009.01.11"]
[Source "MonRoi"]

1. e4 c5 2. c3 d5 3. exd5 Qxd5 4. d4 g6 5. Nf3 Bg7 6. Na3 cxd4 7. Bc4 Qe4+ 8.
Be3 Nh6 9. cxd4 O-O 10. O-O Bg4 11. Bxh6 Bxh6 12. Re1 Qf4 13. Rxe7 Nc6 14. Rxb7
Rab8 15. Rxb8 Rxb8 16. b3 Bg7 17. Nc2 Rd8 18. Qc1 Qxc1+ 19. Rxc1 Bxf3 20. gxf3
Nxd4 21. Nxd4 1/2-1/2

[Event "7th Parsvnath International Open Chess T"]
[Site "New Delhi India"]
[Date "2009.01.12"]
[Round "3"]
[White "Yuriy, Kuzubov"]
[Black "Rahul, Shetty"]
[Result "1-0"]
[WhiteElo "2626"]
[BlackElo "2311"]
[PlyCount "77"]
[EventDate "2009.01.11"]
[Source "MonRoi"]

1. d4 d5 2. c4 c6 3. Nf3 Nf6 4. e3 e6 5. b3 Nbd7 6. Bd3 Bb4+ 7. Bd2 Bd6 8. Nc3
O-O 9. O-O e5 10. cxd5 cxd5 11. Nb5 Bb8 12. dxe5 Nxe5 13. Be2 a6 14. Nbd4 Ne4
15. Bb4 Re8 16. Rc1 Ng6 17. Nd2 Qg5 18. f4 Qd8 19. Nxe4 Rxe4 20. Qd2 Ba7 21.
Bc5 Re8 22. Bxa7 Rxa7 23. Rc5 Ne7 24. Bf3 b6 25. Rc3 Rc7 26. Rfc1 Rxc3 27. Qxc3
Bf5 28. Qc7 Be4 29. Qxd8 Rxd8 30. Rc7 Kf8 31. Bg4 g6 32. Kf2 h5 33. Be2 Ra8 34.
g4 hxg4 35. Bxg4 b5 36. a3 Bd3 37. Ke1 Be4 38. Kd2 Ng8 39. Rc8+ 1-0

[Event "7th Parsvnath International Open Chess T"]
[Site "New Delhi India"]
[Date "2009.01.12"]
[Round "3"]
[White "Anup, Deshmukh"]
[Black "Surya Shekhar, Ganguly"]
[Result "0-1"]
[WhiteElo "2311"]
[BlackElo "2614"]
[PlyCount "70"]
[EventDate "2009.01.11"]
[Source "MonRoi"]

1. Nf3 d5 2. c4 dxc4 3. e3 Nf6 4. Bxc4 e6 5. O-O a6 6. a4 b6 7. d4 Bb7 8. Nc3
Nbd7 9. e4 Nxe4 10. Nxe4 Bxe4 11. Ng5 Bg6 12. Qf3 Be7 13. Bxe6 O-O 14. Bd5 Rc8
15. h4 Nf6 16. Bb7 Rb8 17. Bxa6 Qxd4 18. Qf4 Qd7 19. Be3 Bd6 20. Qc4 h6 21. Bb5
Qg4 22. Qxg4 Nxg4 23. Nf3 Nxe3 24. fxe3 Rbd8 25. Kf2 f5 26. g3 Bc5 27. Rac1 Bh5
28. b4 Bxb4 29. Rxc7 Bc5 30. Rd7 f4 31. gxf4 Rxd7 32. Bxd7 Rxf4 33. Ke2 Rxh4
34. Kd3 Bg6+ 35. Ke2 Re4 0-1

[Event "7th Parsvnath International Open Chess T"]
[Site "New Delhi India"]
[Date "2009.01.12"]
[Round "3"]
[White "Parimarjan, Negi"]
[Black "Khamparia, Akshat"]
[Result "1-0"]
[WhiteElo "2600"]
[BlackElo "2306"]
[PlyCount "71"]
[EventDate "2009.01.11"]
[Source "MonRoi"]

1. e4 c5 2. Nf3 d6 3. d4 cxd4 4. Nxd4 Nf6 5. Nc3 g6 6. Be3 Bg7 7. Be2 O-O 8.
O-O Nc6 9. Nb3 a6 10. f4 b5 11. Bf3 Bd7 12. Nd5 Nxd5 13. exd5 Na5 14. Bd4 Nc4
15. Bxg7 Kxg7 16. Qd4+ Kg8 17. Rfe1 Re8 18. Re2 Qb6 19. c3 Rab8 20. Qxb6 Rxb6
21. Nd4 Kf8 22. Rae1 Na5 23. b3 Rb7 24. g4 Rc7 25. Re3 Rd8 26. f5 Be8 27. c4
Rb8 28. cxb5 axb5 29. fxg6 hxg6 30. h4 Rbb7 31. h5 Kg7 32. hxg6 Kxg6 33. Be4+
Kg5 34. Rh3 e5 35. dxe6 Kxg4 36. Kg2 1-0

[Event "7th Parsvnath International Open Chess T"]
[Site "New Delhi India"]
[Date "2009.01.12"]
[Round "3"]
[White "Atanu, Lahiri"]
[Black "Yuri, Solodovnichenko"]
[Result "1-0"]
[WhiteElo "2310"]
[BlackElo "2571"]
[PlyCount "73"]
[EventDate "2009.01.11"]
[Source "MonRoi"]

1. d4 Nf6 2. c4 e6 3. Nc3 Bb4 4. e3 c5 5. Nf3 Nc6 6. Bd3 Bxc3+ 7. bxc3 d6 8. e4
e5 9. d5 Ne7 10. Nh4 h6 11. f3 Qa5 12. Bd2 g5 13. Nf5 Nxf5 14. exf5 Bd7 15. a4
O-O-O 16. O-O Kb8 17. Qe2 Rde8 18. Be4 Ng8 19. Rfb1 Ne7 20. Qd3 f6 21. Rb2 Ka8
22. Qb1 Rb8 23. Ra3 h5 24. Be3 h4 25. Bf2 Rh6 26. Be3 Qc7 27. a5 Rd8 28. Rab3
Bc8 29. Rb5 Rhh8 30. Bxc5 dxc5 31. a6 Kb8 32. Rxb7+ Bxb7 33. Rxb7+ Kc8 34. Qb5
Rd7 35. Rxc7+ Kxc7 36. Qxc5+ Kd8 37. Qb4 1-0

[Event "7th Parsvnath International Open Chess T"]
[Site "New Delhi India"]
[Date "2009.01.12"]
[Round "3"]
[White "R, Premnath"]
[Black "Abhijit, Kunte"]
[Result "0-1"]
[WhiteElo "2303"]
[BlackElo "2527"]
[PlyCount "88"]
[EventDate "2009.01.11"]
[Source "MonRoi"]

1. d4 Nf6 2. c4 c5 3. d5 e6 4. Nc3 d6 5. e4 exd5 6. cxd5 g6 7. Nf3 a6 8. a4 Bg4
9. Bd3 Nbd7 10. h3 Bxf3 11. Qxf3 Bg7 12. O-O O-O 13. Bf4 Qc7 14. Qe2 Rfe8 15.
a5 Rac8 16. Rfe1 Nh5 17. Be3 Qd8 18. Ra4 Be5 19. Qd2 Ng7 20. Ne2 Bf6 21. b3 Re7
22. f4 Ne8 23. Kh2 Bg7 24. Ng1 Nef6 25. Bf2 Qe8 26. Bh4 Bh6 27. g3 Qf8 28. Nf3
Ree8 29. Qd1 Bg7 30. Qc2 Nh5 31. Bf1 f6 32. Bg2 Bh6 33. e5 fxe5 34. fxe5 Nxe5
35. Nxe5 dxe5 36. d6 Qxd6 37. Bxb7 Rc7 38. Rd1 Qf8 39. Bxa6 g5 40. Rg4 Rg7 41.
Rf1 Nf6 42. Bc4+ Kh8 43. Kh1 Qd6 44. Qf5 Nxg4 0-1

[Event "7th Parsvnath International Open Chess T"]
[Site "New Delhi India"]
[Date "2009.01.12"]
[Round "3"]
[White "Joydeep, Dutta"]
[Black "Saidali, Iuldachev"]
[Result "0-1"]
[WhiteElo "2300"]
[BlackElo "2520"]
[PlyCount "65"]
[EventDate "2009.01.11"]
[Source "MonRoi"]

1. d4 Nf6 2. Nf3 d6 3. Nc3 Nbd7 4. e4 e5 5. h3 Be7 6. Bc4 c6 7. a4 O-O 8. O-O
Re8 9. a5 h6 10. Re1 Bf8 11. Ba2 exd4 12. Nxd4 Nc5 13. Qf3 d5 14. e5 Nfe4 15.
Bf4 Ng5 16. Qg3 Nce6 17. Nxe6 Rxe6 18. Qd3 Rg6 19. Kh1 Be6 20. Bh2 Bb4 21. f4
Bxc3 22. Qxc3 Ne4 23. Rxe4 dxe4 24. Bxe6 Rxe6 25. f5 Re7 26. Re1 Rd7 27. Rxe4
Rd1+ 28. Bg1 Qg5 29. Qg3 Qc1 30. Qf2 Rad8 31. Kh2 R8d2 32. Qe3 Qxc2 33. Qf3 0-1

[Event "7th Parsvnath International Open Chess T"]
[Site "New Delhi India"]
[Date "2009.01.12"]
[Round "3"]
[White "Shukhrat, Safin"]
[Black "Soumyaranjan, Mishra"]
[Result "1-0"]
[WhiteElo "2518"]
[BlackElo "2296"]
[PlyCount "51"]
[EventDate "2009.01.11"]
[Source "MonRoi"]

1. d4 Nf6 2. c4 e6 3. Nf3 b6 4. g3 Ba6 5. Nbd2 Bb7 6. Bg2 c5 7. e4 cxd4 8. O-O
Nc6 9. e5 Ng4 10. h3 Nh6 11. Ne4 Qc7 12. Bxh6 gxh6 13. Nxd4 Nxd4 14. Nf6+ Kd8
15. Bxb7 Qxb7 16. Qxd4 Bc5 17. Qf4 Kc7 18. Rad1 Rad8 19. Rd3 Be7 20. Rfd1 Bxf6
21. Qxf6 Rhf8 22. Qe7 Qc8 23. c5 bxc5 24. Rc1 Kb8 25. Rxc5 Qa6 26. Ra3 1-0

[Event "7th Parsvnath International Open Chess T"]
[Site "New Delhi India"]
[Date "2009.01.12"]
[Round "3"]
[White "P, Maheswaran"]
[Black "Mikhail, Ulibin"]
[Result "0-1"]
[WhiteElo "2297"]
[BlackElo "2511"]
[PlyCount "90"]
[EventDate "2009.01.11"]
[Source "MonRoi"]

1. d4 e6 2. c4 f5 3. g3 Nf6 4. Bg2 c6 5. Qc2 d5 6. Nh3 Bd6 7. O-O O-O 8. Bf4
Be7 9. Nd2 Nh5 10. Nf3 Nd7 11. Bg5 Bxg5 12. Nfxg5 Qe7 13. Nf3 h6 14. Nf4 Nxf4
15. gxf4 g5 16. Qd2 g4 17. Ne5 Nxe5 18. dxe5 b6 19. cxd5 cxd5 20. Rfc1 Bb7 21.
e3 Rfd8 22. Rc3 d4 23. exd4 Bxg2 24. Kxg2 Qb7+ 25. Kg1 Rd7 26. Rd1 Rad8 27. Rd3
Qd5 28. a3 h5 29. Qe3 h4 30. Rc3 Kh7 31. Rcd3 Kh6 32. Rc3 Kh5 33. Rcd3 a5 34.
Rc3 a4 35. Qe2 Qb7 36. Rcd3 b5 37. Qe3 Qd5 38. Rc3 Qa2 39. Rc2 Rxd4 40. Rdc1
Rd1+ 41. Kg2 h3+ 42. Kg3 R1d3 43. Rc7 Rxe3+ 44. fxe3 Kg6 45. Re7 Qd5 0-1

[Event "7th Parsvnath International Open Chess T"]
[Site "New Delhi India"]
[Date "2009.01.12"]
[Round "3"]
[White "Petr, Kostenko"]
[Black "Kutwal, Shashikant"]
[Result "1-0"]
[WhiteElo "2501"]
[BlackElo "2285"]
[PlyCount "113"]
[EventDate "2009.01.11"]
[Source "MonRoi"]

1. e4 c5 2. Nf3 d6 3. d4 cxd4 4. Nxd4 Nf6 5. Nc3 Nc6 6. Bg5 e6 7. Qd2 a6 8.
O-O-O Bd7 9. f4 h6 10. Bxf6 Qxf6 11. Nf3 Qd8 12. Kb1 Qc7 13. Qe3 Be7 14. Bd3
Bf6 15. Ne2 O-O-O 16. c3 Kb8 17. Rhe1 Bc8 18. Ned4 e5 19. Nxc6+ Qxc6 20. Bc2
exf4 21. Qxf4 Be6 22. Bb3 Qc7 23. Rd2 Be5 24. Qe3 Bxb3 25. axb3 Rhe8 26. Rd5
Bf6 27. Qd3 Re6 28. Nd2 Rde8 29. Nc4 Be5 30. g3 R6e7 31. Rd1 Qc6 32. Ka2 f6 33.
Ka3 Rc8 34. Re1 Qc7 35. Ka2 Rce8 36. b4 Re6 37. b5 Rc8 38. Kb3 axb5 39. Rxb5
Qf7 40. Ra1 Re7 41. Ra4 Rec7 42. Qd5 Qxd5 43. Rxd5 Rc5 44. Nb6 Rd8 45. Rxc5
dxc5 46. Ra8+ Kc7 47. Rxd8 Kxd8 48. Kc4 h5 49. Kxc5 g5 50. Nc4 Bc7 51. Kd5 Ke7
52. Ne3 Kd7 53. Nf5 g4 54. c4 Be5 55. b4 Bb8 56. c5 Be5 57. b5 1-0

[Event "7th Parsvnath International Open Chess T"]
[Site "New Delhi India"]
[Date "2009.01.12"]
[Round "3"]
[White "Dibyendu, Barua"]
[Black "Akash, Thakur"]
[Result "1-0"]
[WhiteElo "2490"]
[BlackElo "2281"]
[PlyCount "67"]
[EventDate "2009.01.11"]
[Source "MonRoi"]

1. e4 e5 2. Bc4 Nc6 3. Nf3 Bc5 4. d3 Nf6 5. O-O d6 6. c3 a6 7. Bb3 O-O 8. Be3
Ba7 9. h3 Be6 10. Nbd2 Re8 11. Re1 h6 12. Bc2 Bxe3 13. fxe3 d5 14. exd5 Qxd5
15. d4 exd4 16. exd4 Bf5 17. Bb3 Qd6 18. Nc4 Qg3 19. Rxe8+ Rxe8 20. Nce5 Bxh3
21. Bxf7+ Kf8 22. Qf1 Re7 23. Bb3 Ke8 24. Nxc6 bxc6 25. Qf2 Qxf2+ 26. Kxf2 Ne4+
27. Kg1 Bd7 28. Ne5 Nf6 29. Ba4 Re6 30. Rf1 a5 31. Kf2 Kd8 32. Bb3 Re7 33. Ba4
c5 34. Bxd7 1-0

[Event "7th Parsvnath International Open Chess T"]
[Site "New Delhi India"]
[Date "2009.01.12"]
[Round "3"]
[White "Prasad P, Praveen"]
[Black "Das, Neelotpal"]
[Result "0-1"]
[WhiteElo "2289"]
[BlackElo "2490"]
[PlyCount "92"]
[EventDate "2009.01.11"]
[Source "MonRoi"]

1. e4 c5 2. Nf3 d6 3. d4 cxd4 4. Nxd4 Nf6 5. Nc3 Nc6 6. Be2 g6 7. Be3 Bg7 8. f4
O-O 9. Nb3 a6 10. a4 Be6 11. Nd4 Bd7 12. O-O Rc8 13. Nxc6 Bxc6 14. Bd4 Qa5 15.
Bf3 e5 16. fxe5 dxe5 17. Bf2 Qb4 18. Qe1 Bd7 19. Nd1 Qxe1 20. Bxe1 Rxc2 21. Bc3
Bh6 22. Bxe5 Ng4 23. Bc3 Re8 24. h3 Ne5 25. Rf2 Rc1 26. Rxc1 Bxc1 27. Bxe5 Rxe5
28. Rc2 Bg5 29. b3 b5 30. axb5 Rxb5 31. Ra2 a5 32. Be2 Re5 33. Bf3 Be6 34. Nc3
Bxb3 35. Ra3 Bc4 36. Ra4 Rc5 37. Nd5 Bb3 38. Ra1 a4 39. Bd1 Bxd1 40. Rxd1 a3
41. Kf2 Rc2+ 42. Kf3 Bd2 43. g4 Kg7 44. h4 Bc1 45. Nb4 Rc3+ 46. Kf2 Bb2 0-1

[Event "7th Parsvnath International Open Chess T"]
[Site "New Delhi India"]
[Date "2009.01.12"]
[Round "3"]
[White "Magesh Chandran, Panchanathan"]
[Black "Chinmay, Kulkarni"]
[Result "1/2-1/2"]
[WhiteElo "2490"]
[BlackElo "2271"]
[PlyCount "83"]
[EventDate "2009.01.11"]
[Source "MonRoi"]

1. Nf3 Nf6 2. g3 g6 3. Bg2 Bg7 4. c4 O-O 5. Nc3 d5 6. cxd5 Nxd5 7. O-O c5 8. d4
Nxc3 9. bxc3 Nc6 10. Be3 Qc7 11. d5 Rd8 12. Bf4 Qa5 13. Qb3 c4 14. Qxc4 Qxd5
15. Qxd5 Rxd5 16. Nd4 Nxd4 17. Bxd5 Nxe2+ 18. Kg2 Nxf4+ 19. gxf4 Bxc3 20. Rab1
Rb8 21. Rfd1 Ba5 22. Bc6 Bb6 23. Bd7 Kf8 24. a4 Bxd7 25. Rxd7 Ke8 26. Rd5 Rd8
27. Rbb5 Rxd5 28. Rxd5 Bc7 29. f5 Bd6 30. h3 Kd7 31. Kf3 Kc6 32. Ke4 b6 33. h4
a6 34. Rd3 b5 35. axb5+ axb5 36. Rf3 f6 37. Rd3 Kd7 38. f4 Ke8 39. Rd5 b4 40.
Rb5 Kf7 41. Rb7 Kg7 42. Rb5 1/2-1/2

[Event "7th Parsvnath International Open Chess T"]
[Site "New Delhi India"]
[Date "2009.01.12"]
[Round "3"]
[White "G B, Joshi"]
[Black "R R, Laxman"]
[Result "1-0"]
[WhiteElo "2273"]
[BlackElo "2478"]
[PlyCount "51"]
[EventDate "2009.01.11"]
[Source "MonRoi"]

1. Nf3 Nf6 2. c4 b6 3. g3 Bb7 4. Bg2 e6 5. O-O d5 6. b3 Be7 7. Bb2 O-O 8. e3
Nbd7 9. Nc3 Ne4 10. Nxe4 dxe4 11. Ne5 Nxe5 12. Bxe5 Bf6 13. Bxf6 Qxf6 14. d4
Rad8 15. Qc2 Qf5 16. Rfd1 h5 17. Rd2 Rd7 18. Rad1 Rfd8 19. h4 a6 20. Kh2 Rd6
21. b4 Bc6 22. c5 bxc5 23. dxc5 Rd3 24. Rxd3 Rxd3 25. Kg1 Qd5 26. Qxd3 1-0